000
00255nam a22000977a 4500
008
231218b |||||||| |||| 00| 0 eng d
020
_a
9798987696804
100
_a
Dayton L. Howard
_9
7742
245
_a
The Compass Curriculum
260
_a
Orlando, Florida
_c
2022
999
_c
12525
_d
12525